Science Quiz

Random Science or Elements Quiz

French Elements Quiz Stats

 Plays Quiz Updated Dec 22, 2011

Challenge
Share
Tweet
Embed
Score 0/17 Timer 05:00
1 Play Today
Element in French Element in English % Correct
MercureMercury
96.4%
ChloreChlorine
93.4%
IodeIodine
93.2%
FerIron
88.6%
BromeBromine
85%
PlatinePlatinum
83.4%
SoufreSulfur
80.6%
BoreBoron
79.7%
FluorFluorine
79.5%
Element in French Element in English % Correct
OrGold
74.8%
ArgentSilver
74.2%
PlombLead
71.8%
AntimoineAntimony
68.3%
CuivreCopper
59.5%
AstateAstatine
42.6%
√ČtainTin
27.5%
AzoteNitrogen
18.8%

You're not logged in!

Compare scores with friends on all Sporcle quizzes.
Join for Free
OR
Log In

You Might Also Like...

Show Comments

Extras

Top Quizzes Today


Score Distribution

Your Account Isn't Verified!

In order to create a playlist on Sporcle, you need to verify the email address you used during registration. Go to your Sporcle Settings to finish the process.

Report this User

Report this user for behavior that violates our Community Guidelines.

Details: